Top 10 Tallest Roller Coasters Quiz Stats

 Plays Quiz not verified by Sporcle

Challenge
Share
Tweet
Embed
Score 0/10 Timer 04:00
0 Plays Today
# Roller Coaster % Correct
1Kingda Ka, Six Flags Great Adventure, Jackson, New Jersey
92.8%
2Top Thrill Dragster, Cedar Point, Sandusky, Ohio
90.9%
3Superman The Escape, Six Flags Magic Mountain, Valencia, California
55%
-Intimidator 305, Kings Dominion, Doswell, Virginia
54.1%
5Steel Dragon 2000, Nagashima Spa Land, Nagashima, Japan
51.7%
6Millennium Force, Cedar Point, Sandusky, Ohio
50.7%
-Tower of Terror, Dreamworld, Queensland, Australia
40.2%
8Goliath, Six Flags Magic Mountain, Valencia, California
37.3%
-Titan, Six Flags Over Texas, Arlington, Texas
30.1%
10Fujiyama, Fuji-Q Highland, Yamanashi, Japan
18.7%

You're not logged in!

Compare scores with friends on all Sporcle quizzes.
OR
Log In

You Might Also Like...

Show Comments

Extras

Created Aug 4, 2010SourceReportNominate

Top Quizzes Today


Score Distribution

Your Account Isn't Verified!

In order to create a playlist on Sporcle, you need to verify the email address you used during registration. Go to your Sporcle Settings to finish the process.

Report this User

Report this user for behavior that violates our Community Guidelines.

Details: